[Event "ITA-ch U20"]
[Site "Bratto"]
[Date "2005.08.23"]
[Round "4"]
[White "Fezzardi, Emanuele"]
[Black "Damia, Angelo"]
[Result "1/2-1/2"]
[WhiteElo "1970"]
[BlackElo "2155"]
[PlyCount "53"]
[EventDate "2005.08.20"]
[EventType "swiss"]
[EventRounds "9"]
[EventCountry "ITA"]
[SourceTitle "EXT 2006"]
[Source "ChessBase"]
[SourceDate "2005.11.24"]
[SourceVersion "1"]
[SourceVersionDate "2005.11.24"]
[SourceQuality "1"]

1. d4 d6 2. c4 e5 3. Nf3 Nc6 4. d5 Nce7 5. Nc3 f5 6. e4 Nf6 7. Bd3 g6 8. Bd2 Bg7 9. h3 0-0 10. b4 a5 11. a3 axb4 12. axb4 Rxa1 13. Qxa1 fxe4 14. Nxe4 Nxe4 15. Bxe4 Bf5 16. Qb1 c6 17. 0-0 cxd5 18. cxd5 Qd7 19. Rd1 Qb5 20. Bg5 Qe2 21. Re1 Bxe4 22. Rxe2 Bxb1 23. Bxe7 Rc8 24. Re1 Bc2 25. Bxd6 e4 26. Ng5 Bc3 27. Rf1 1/2-1/2

[Event "ITA-ch U20"]
[Site "Bratto"]
[Date "2005.08.20"]
[Round "1"]
[White "Cozzarin, Davide"]
[Black "Fezzardi, Emanuele"]
[Result "0-1"]
[WhiteElo "1646"]
[BlackElo "1970"]
[PlyCount "112"]
[EventDate "2005.08.20"]
[EventType "swiss"]
[EventRounds "9"]
[EventCountry "ITA"]
[SourceTitle "EXT 2006"]
[Source "ChessBase"]
[SourceDate "2005.11.24"]
[SourceVersion "1"]
[SourceVersionDate "2005.11.24"]
[SourceQuality "1"]

1. c4 e5 2. Nc3 Nf6 3. b3 d5 4. cxd5 Nxd5 5. Bb2 Be7 6. g3 Nb6 7. Bg2 0-0 8. Nf3 Nc6 9. 0-0 Be6 10. d3 f5 11. Rc1 Qe8 12. Nb5 Bd6 13. Nxd6 cxd6 14. e3 h6 15. Qd2 Qf7 16. e4 Rac8 17. Nh4 f4 18. gxf4 Qxf4 19. Qxf4 Rxf4 20. Ng6 Rf7 21. Ba3 Rd8 22. f4 Nd4 23. Rf2 Bg4 24. Re1 Kh7 25. f5 Rc7 26. Bb2 Nc6 27. a3 Bh5 28. Nh4 a5 29. Ref1 Nd7 30. Bf3 Bf7 31. b4 axb4 32. axb4 Nxb4 33. Ba3 Nxd3 34. Bxd6 Rc6 35. Be7 Re8 36. Rd2 Rxe7 37. Rxd3 Bc4 38. Ng6 Bxd3 39. Nxe7 Bxf1 40. Nxc6 bxc6 41. Kxf1 Kg8 42. Ke2 Kf8 43. Kd3 Ke7 44. Kc4 Kd6 45. h4 Kc7 46. Bd1 Kb6 47. Be2 Nc5 48. Bf3 Nb7 49. Bd1 Nd6+ 50. Kd3 c5 51. Bb3 Kb5 52. Bd5 c4+ 53. Kc3 Kc5 54. h5 Nb5+ 55. Kc2 Kd4 56. Bc6 Nd6 0-1

[Event "Bergamo op 1st"]
[Site "Bergamo"]
[Date "2002.07.27"]
[Round "4"]
[White "Ceresoli, Luigi"]
[Black "Fezzardi, Emanuele"]
[Result "1-0"]
[WhiteElo "2204"]
[BlackElo "1747"]
[PlyCount "39"]
[EventDate "2002.07.26"]
[EventType "swiss"]
[EventRounds "6"]
[EventCountry "ITA"]
[SourceTitle "EXT 2007"]
[Source "ChessBase"]
[SourceDate "2006.11.23"]
[SourceVersion "1"]
[SourceVersionDate "2006.11.23"]
[SourceQuality "1"]

1. e4 e6 2. d4 d5 3. Nc3 dxe4 4. Nxe4 Nd7 5. Nf3 Ngf6 6. Nxf6+ Nxf6 7. Bg5 Be7 8. Bd3 0-0 9. Qe2 c5 10. 0-0-0 Qc7 11. h4 Rd8 12. dxc5 Qxc5 13. Bxf6 Bxf6 14. Bxh7+ Kxh7 15. Rxd8 Bxd8 16. Qd3+ Kg8 17. Qxd8+ Qf8 18. Qd3 b6 19. Ng5 f5 20. Qf3 1-0